| 000 | 00531nam a2200121Ia 4500 | ||
|---|---|---|---|
| 008 | 171212s9999 xx 000 0 und d | ||
| 020 | _a9780833079923 | ||
| 100 | _aTanielian, Terri;Karney, Benjamin R.;Chandra, Anita;Meadows, Sarah O. | ||
| 245 |
_cTanielian, Terri;Karney, Benjamin R.;Chandra, Anita;Meadows, Sarah O. _aThe Deployment Life Study _bMethodological Overview and Baseline Sample Description |
||
| 260 |
_bRAND Corporation _c2014 |
||
| 650 | _aHealth Sciences | ||
| 856 | _uhttp://www.jstor.org/stable/10.7249/j.ctt6wq8zn | ||
| 999 |
_c352636 _d352636 |
||